Statistical methods / (Record no. 15343)

MARC details
000 -LEADER
fixed length control field 00852 a2200253 4500
005 - DATE AND TIME OF LATEST TRANSACTION
control field 20080826152110.0
008 - FIXED-LENGTH DATA ELEMENTS--GENERAL INFORMATION
fixed length control field 080826t xxu||||| |||| 00| 0 eng d
010 ## - LCCN (DPL NO)
LC control number ENG-90929
020 ## - INTERNATIONAL STANDARD BOOK NUMBER
International Standard Book Number 8180546683
Terms of availability 400.00
035 ## - SYSTEM CONTROL NUMBER
System control number EN-74462
037 ## - SOURCE OF ACQUISITION
Source of stock number/acquisition DBAD / PUB
040 ## - CATALOGING SOURCE
Original cataloging agency DPL
Language of cataloging English
082 ## - DEWEY DECIMAL CLASSIFICATION NUMBER
Classification number 001.422
100 ## - MAIN ENTRY--PERSONAL NAME
Personal name Gupta, S.P.
245 ## - TITLE STATEMENT
Title Statistical methods /
Statement of responsibility, etc by S.P. Gupta
250 ## - EDITION STATEMENT
Edition statement 37th rev. ed.
260 ## - PUBLICATION, DISTRIBUTION, ETC. (IMPRINT)
Place of publication, distribution, etc New Delhi
Name of publisher, distributor, etc Sultan Chand
Date of publication, distribution, etc 2008
270 ## - ADDRESS
Address 23, Daryaganj
City New Delhi
Postal code 110 002
300 ## - PHYSICAL DESCRIPTION
Extent xx, 1468 p.
Dimensions 24 cm (pbk)
500 ## - GENERAL NOTE
General note includes appendix
650 ## - SUBJECT ADDED ENTRY--TOPICAL TERM
Topical term or geographic name as entry element Statistics
942 ## - ADDED ENTRY ELEMENTS (KOHA)
Institution code [OBSOLETE] dpl
Item type English Books
Call number prefix 001.422/GUP
Source of classification or shelving scheme Dewey Decimal Classification
Classification part 001.422
Call number suffix GUP
Holdings
Withdrawn status Lost status Damaged status Not for loan Collection code Home library Current library Date acquired Cost, normal purchase price Total Checkouts Full call number Barcode Date last seen Copy number Cost, replacement price Koha item type
      Not For Loan Non-fiction D.B.Act.Division D.B.Act.Division 04/09/2008 400.00   001.422 GUP EN-74462 15/09/2008 1 400.00 English Books

© Delhi Public Library
Hit Counter
free hit counter